LEADER 00922nam a2200205 i 4500 001 000000194846 003 CaOOAMICUS 005 20101125000000.0 008 101125s1962 it u000 u ita u 013 $a173507 040 $aSeMil$bita 245 10$aAppunti e fonti per le lezioni di Religione nelle Classi Elementari :$b2° trimestre : Verso Pasqua! 260 $aMilano :$bUfficio Catechistico Diocesano,$c1962. 300 $a63 p. ;$c21 cm. 650 4$aReligione - Insegnamento - Scuole elementari.$0(OLS)http://semarc/subject/31344 850 $aSeMil 852 $aSeMil$W1$xVenegono$y1$m5A XII 6/22$j145415$B145415$CSeMilBibl$Z2$F156854 $81 961 $aOmaggio: Altro 996 $6245$aAppunti e fonti per le lezioni di Religione nelle Classi Elementari :$b2° trimestre : Verso Pasqua!$9(OLS)http://semarc/title/281028 996 $6260$aMilano :$bUfficio Catechistico Diocesano$9(OLS)http://semarc/publisher/31486 LEADER 01195nam a2200301 4500 001 000000364411 003 CaOOAMICUS 005 20250919120620.0 008 250919s1996 it 000 u ita r 020 $a88-211-6275-3 040 $aSeMil$bita 100 1 $aCampanella, Tommaso,$c.$0(OLS)http://semarc/name/89924 245 13$aLa cittą del sole /$cTommaso Campanella . La cittą felice / Francesco Patrizi. 264 1$aGenova :$bMarietti,$c1996. 300 $aXXV, 112 p. ;$c17 cm 490 1 $aI rombi 700 1 $aPatrizi, Francesco,$d<1529-1597>.$0(OLS)http://semarc/name/34025 730 32$aLa cittą felice.$0(OLS)http://semarc/title/455783 830 2$aI rombi.$0(OLS)http://semarc/title/10234 850 $aSeMil 852 $aSeMil$W1$xVenegono$y1$m2R I 203$j262017$B255279$CSeMilBibl$Z2$F255279 $81 900 1 $aPatrizi da Cherso, Francesco. 961 $aBuzzi mons. Franco - Omaggio 996 $6020$a88-211-6275-3$9(OLS)http://semarc/number/304165 996 $6245$aLa cittą del sole$9(OLS)http://semarc/title/451739 996 $6264$aGenova :$bMarietti$9(OLS)http://semarc/publisher/29997